| 000 | 00516nam a2200181Ia 4500 | ||
|---|---|---|---|
| 005 | 20250326130241.0 | ||
| 008 | 250326s9999 xx 000 0 und d | ||
| 037 | _aTextbook | ||
| 040 |
_aFMSL _beng _cFMSL |
||
| 041 |
_aeng _2eng |
||
| 084 |
_aBobX:74 K9 _qFMSL |
||
| 100 |
_aFreund J E _9343454 |
||
| 245 | 0 |
_aCollege mathematics with business applictions _cFreund J E |
|
| 260 |
_aLondon _bLondon, Prentice-Hall _c1969 |
||
| 300 | _a625p | ||
| 942 |
_cTB _hBobX:74 K9 |
||
| 999 |
_c1281657 _d1281657 |
||